Third five year plan, Madras State; (Record no. 62696)

MARC details
000 -LEADER
fixed length control field 00627cam a22002171 4500
001 - CONTROL NUMBER
control field sa 65002568
003 - CONTROL NUMBER IDENTIFIER
control field DLC
005 - DATE AND TIME OF LATEST TRANSACTION
control field 20260227112117.0
008 - FIXED-LENGTH DATA ELEMENTS--GENERAL INFORMATION
fixed length control field 840608s1964 ii s000 0 eng
010 ## - LIBRARY OF CONGRESS CONTROL NUMBER
LC control number sa 65002568
035 ## - SYSTEM CONTROL NUMBER
System control number (OCoLC)21645452
040 ## - CATALOGING SOURCE
Original cataloging agency DLC
Transcribing agency CU
Modifying agency DLC
042 ## - AUTHENTICATION CODE
Authentication code premarc
043 ## - GEOGRAPHIC AREA CODE
Geographic area code a-ii---
050 00 - LIBRARY OF CONGRESS CALL NUMBER
Classification number HC437.M3
Item number A54
110 1# - MAIN ENTRY--CORPORATE NAME
Corporate name or jurisdiction name as entry element Madras (India : State)
245 10 - TITLE STATEMENT
Title Third five year plan, Madras State;
Remainder of title mid-term review.
260 ## - PUBLICATION, DISTRIBUTION, ETC.
Place of publication, distribution, etc. [Madras,
Name of publisher, distributor, etc. Printed by the Controller of Stationery and Printing]
Date of publication, distribution, etc. 1964.
300 ## - PHYSICAL DESCRIPTION
Extent 137 p.
Dimensions 24 cm.
651 #0 - SUBJECT ADDED ENTRY--GEOGRAPHIC NAME
Geographic name Tamil Nadu (India)
General subdivision Economic policy.

No items available.

Powered by Koha